|
|
|
|
| LEADER |
00000nam0a2200000 4500 |
| 001 |
161828 |
| 005 |
20231101222259.0 |
| 010 |
|
|
|a 5887211903
|
| 035 |
|
|
|a (RuTPU)RU\TPU\book\175492
|
| 090 |
|
|
|a 161828
|
| 100 |
|
|
|a 20090615d2001 m y0rusy50 ca
|
| 101 |
0 |
|
|a eng
|a rus
|
| 102 |
|
|
|a RU
|
| 105 |
|
|
|a y e 001zy
|
| 200 |
1 |
|
|a Экономика и право
|e русско-английский словарь
|e около 25 000 терминов
|f И. Ф. Жданова
|
| 210 |
|
|
|a Москва
|c Руссо
|d 2001
|
| 215 |
|
|
|a 624 с.
|
| 320 |
|
|
|a Латинские слова и словосочетания: с. 601-604.
|
| 330 |
|
|
|a Словарь содержит около 25 000 терминов и терминологических сочетаний. В основу отбора лексики положен «Гражданский кодекс Российской Федерации».В конце словаря приведены таблицы денежных единиц разных стран и список некоторых латинских выражений, встречающихся в экономической и юридической литературе.
|
| 606 |
|
|
|a Английский язык
|x Терминологические словари
|2 stltpush
|3 (RuTPU)RU\TPU\subj\29063
|9 52475
|
| 606 |
1 |
|
|a Экономика
|2 stltpush
|3 (RuTPU)RU\TPU\subj\26549
|9 50450
|
| 606 |
1 |
|
|a Государство и право
|2 stltpush
|3 (RuTPU)RU\TPU\subj\8385
|9 35803
|
| 610 |
1 |
|
|a русско-английские словари
|
| 610 |
1 |
|
|a экономическая информация
|
| 610 |
1 |
|
|a правовая информация
|
| 610 |
1 |
|
|a термины
|
| 610 |
1 |
|
|a словари
|
| 610 |
1 |
|
|a терминологические словари
|
| 686 |
|
|
|a Ш143.21-43
|v LBC/SL-A
|2 rubbk
|
| 686 |
|
|
|a Уя2
|v LBC/SL-A
|2 rubbk
|
| 686 |
|
|
|a Хя2
|v LBC/SL-A
|2 rubbk
|
| 700 |
|
1 |
|a Жданова
|b И. Ф.
|g Ирина Федоровна
|
| 801 |
|
1 |
|a RU
|b 63413507
|c 20090615
|g PSBO
|
| 801 |
|
2 |
|a RU
|b 63413507
|c 20200603
|g RCR
|
| 942 |
|
|
|c BK
|
| 959 |
|
|
|a 69/20090611
|d 5
|e 0
|f ЧЗИЛ:1
|f ЯЦ_ИЭФ:2
|f ЯЦ_ГФ:2
|